UM Logo

A practical guide to creative writing in schools: (Record no. 16826)

MARC details
000 -LEADER
fixed length control field 02872cam a22003978i 4500
001 - CONTROL NUMBER
control field 21796465
003 - CONTROL NUMBER IDENTIFIER
control field OSt
005 - DATE AND TIME OF LATEST TRANSACTION
control field 20220407155323.0
008 - FIXED-LENGTH DATA ELEMENTS--GENERAL INFORMATION
fixed length control field 201110s2021 enk b 001 0 eng
010 ## - LIBRARY OF CONGRESS CONTROL NUMBER
LC control number 2020047328
020 ## - INTERNATIONAL STANDARD BOOK NUMBER
International Standard Book Number 9780367562632
Qualifying information (hardback)
020 ## - INTERNATIONAL STANDARD BOOK NUMBER
International Standard Book Number 9780367562649
Qualifying information (paperback)
020 ## - INTERNATIONAL STANDARD BOOK NUMBER
Canceled/invalid ISBN 9781003097105
Qualifying information (ebook)
040 ## - CATALOGING SOURCE
Original cataloging agency DLC
Language of cataloging eng
Description conventions rda
Transcribing agency DLC
042 ## - AUTHENTICATION CODE
Authentication code pcc
050 00 - LIBRARY OF CONGRESS CALL NUMBER
Classification number LB1576
Item number .C5616 2021
082 00 - DEWEY DECIMAL CLASSIFICATION NUMBER
Classification number 2021
Edition number DC 372.623
Item number C547
100 1# - MAIN ENTRY--PERSONAL NAME
Personal name Clark, Fiona,
Relator term author.
9 (RLIN) 44996
245 12 - TITLE STATEMENT
Title A practical guide to creative writing in schools:
Remainder of title seven creative writing projects for ages 8-14 /
Statement of responsibility, etc. Fiona Clark.
263 ## - PROJECTED PUBLICATION DATE
Projected publication date 2104
264 #1 - PRODUCTION, PUBLICATION, DISTRIBUTION, MANUFACTURE, AND COPYRIGHT NOTICE
Place of production, publication, distribution, manufacture Abingdon, Oxon;
-- New York, NY:
Name of producer, publisher, distributor, manufacturer Routledge,
Date of production, publication, distribution, manufacture, or copyright notice 2021.
300 ## - PHYSICAL DESCRIPTION
Extent viii, 162 pages:
Other physical details illustration;
Dimensions 29 cm.
336 ## - CONTENT TYPE
Content type term text
Content type code txt
Source rdacontent
337 ## - MEDIA TYPE
Media type term unmediated
Media type code n
Source rdamedia
338 ## - CARRIER TYPE
Carrier type term volume
Carrier type code nc
Source rdacarrier
500 ## - GENERAL NOTE
General note Includes appendix.
520 ## - SUMMARY, ETC.
Summary, etc. "This book contains seven tried-and-tested creative writing projects for pupils aged 8-14. Each project is delivered through a series of workshops and enables pupils to explore a literary genre or writing style, discuss themes and topics and receive constructive feedback about their writing. The projects cover topics such as identity, cultural heritage, tolerance, empathy, morality, dreams and much more. Teachers wanting to run creative writing projects will find this book easy to follow, practical and timesaving. Each project allows students to: explore a certain literary genre or writing style in detail, be creative and have fun while learning, think about, talk about and discuss themes and topics receive constructive feedback about their writing, pursue their own ideas, see themselves as 'real' writers with a 'real' audience, understand that writing can be enjoyable, artistic and relaxing, experience creativity to improve their wellbeing These ready-made projects are invaluable for teachers who are looking for new and successful creative writing projects for a range of students. They will enable teachers to immediately start making a difference to their students' confidence and writing skills, allowing them to be as creative and imaginative as possible and use creativity as a springboard for their own writing"--
Assigning source Provided by publisher.
650 #0 - SUBJECT ADDED ENTRY--TOPICAL TERM
Topical term or geographic name as entry element Creative writing (Elementary education)
9 (RLIN) 3124
650 #0 - SUBJECT ADDED ENTRY--TOPICAL TERM
Topical term or geographic name as entry element Creative writing (Middle school)
9 (RLIN) 3126
650 #0 - SUBJECT ADDED ENTRY--TOPICAL TERM
Topical term or geographic name as entry element English language
General subdivision Composition and exercises
-- Study and teaching (Elementary)
-- Activity programs.
9 (RLIN) 44997
650 #0 - SUBJECT ADDED ENTRY--TOPICAL TERM
Topical term or geographic name as entry element English language
General subdivision Composition and exercises
-- Study and teaching (Middle school)
-- Activity programs.
9 (RLIN) 44998
650 #0 - SUBJECT ADDED ENTRY--TOPICAL TERM
Topical term or geographic name as entry element Project method in teaching.
9 (RLIN) 44999
906 ## - LOCAL DATA ELEMENT F, LDF (RLIN)
a 7
b cbc
c orignew
d 1
e ecip
f 20
g y-gencatlg
942 ## - ADDED ENTRY ELEMENTS (KOHA)
Source of classification or shelving scheme Dewey Decimal Classification
Koha item type Circulation
Holdings
Withdrawn status Lost status Source of classification or shelving scheme Damaged status Not for loan Collection code Home library Current library Date acquired Source of acquisition Cost, normal purchase price Total Checkouts Full call number Barcode Date last seen Price effective from Koha item type
    Dewey Decimal Classification     Circulation UM Digos College - LIC UM Digos College - LIC 02/10/2022 Purchased 4499.00   DC 372.623 C547 2021 26550 05/15/2025 04/07/2022 Circulation